000 00921cam a2200205 4500
001 WB3708-01
008 000000n2001 000 0 eng u
035 _a(Sirsi) u111092
245 _aGrants for construction innovators
260 _c2001
490 _aDETR Press Release
_v(084) 19 February 2001, (3)
520 _aFast Track, a new innovation business support scheme has been launched by the Construction Minister Nick Raynsford. The pilot scheme will work by offering a grant to a contractor in return for reporting on the technical or process innovation so that vital knowledge about the project can be saved for the future. Application forms and a Fast Track prospectus are available at www.pii.org.uk/fasttrack.
590 _aWB
650 _aDETR
650 _aFAST TRACK
650 _aBUSINESS SUPPORT
650 _aINNOVATION PROJECTS
690 _aBUILDING AND CONSTRUCTION-PROJECTS
942 _n0
999 _c66183
_d66183